Cuatro modelos del desarrollo costarricense: un análisis y evaluación ética
Nota: el resumen que aparece en la hoja manual no corresponde al documento, pues ése trata sobre las relaciones EE.UU.-América del Sur
محفوظ في:
| المؤلف الرئيسي: | |
|---|---|
| التنسيق: | نص |
| منشور في: |
San José :
|
| الموضوعات: | |
| الوسوم: |
إضافة وسم
لا توجد وسوم, كن أول من يضع وسما على هذه التسجيلة!
|
MARC
| LEADER | 00000 a a2200000 04500 | ||
|---|---|---|---|
| 001 | 12761 | ||
| 003 | |||
| 040 | |||
| 090 | |a 024400 | ||
| 100 | |a Crocker, David A. | ||
| 245 | |a Cuatro modelos del desarrollo costarricense: un análisis y evaluación ética | ||
| 260 | |a San José : | ||
| 300 | |a 25 p. | ||
| 520 | |a Nota: el resumen que aparece en la hoja manual no corresponde al documento, pues ése trata sobre las relaciones EE.UU.-América del Sur | ||
| 650 | |a DESARROLLO ECONOMICO Y SOCIAL | ||
| 650 | |a CAMBIO SOCIAL | ||
| 650 | |a DEMOCRACIA | ||
| 650 | |a MODELOS ECONOMICOS | ||
| 650 | |a DESARROLLO DE LA PERSONALIDAD | ||
| 650 | |a AUTODETERMINACION | ||
| 650 | |a PARTICIPACION POLITICA | ||
| 650 | |a NECESIDADES BASICAS | ||
| 650 | |a CONSERVACION DE LA NATURALEZA | ||
| 999 | |c 12771 |d 12771 | ||
